[Versek]

Bibliographic Details
Main Author: Brenzovics, Marianna, 1977- (Author)
Format: Article
Language:Slovak
Hungarian
PhysicalDescription:Obr.
ISSN:1335-1826
Subjects:

MARC

LEADER 00000nab a2200000 a 4500
001 vtls010114830
003 SK-MaSNL
005 20260304155539.0
008 250507c2010 xo |||||||| |000 b|slo
015 |a SNBRB2010/07  |2 snkbucl 
035 |a (uuid)ffafed04-c218-47ef-bac7-399592c2a1e0 
035 |a urn:nbn:sk:snk-ab1yo9 
035 |a (urnnbn)urn:nbn:sk:snk:ar-a018q4 
038 |a SNKBUCL 
040 |a SNKBUCL  |b slo  |c SNKBUCL  |e AACR2 
041 0 |a hun 
044 |a xo  |c SK 
080 |a 821.511.141 (477)-1=511.141  |2 1997 
100 1 |a Brenzovics, Marianna,  |d 1977-  |4 aut  |9 542131 
245 1 0 |a [Versek]  |c Brenzovics Marianna 
300 |b Obr. 
500 |a Blok obsahuje 9 básní 
655 7 |a maďarská poézia  |2 snkbucl  |9 70602 
740 0 2 |a Márta elutazott 
740 0 2 |a Frusztrált 2 
740 0 2 |a Neki 
740 0 2 |a Zavar 
740 0 2 |a Kinézek a hátsó ablakon 
740 0 2 |a Kiszáll 
740 0 2 |a Esküvőn 
740 0 2 |a Konty 1 
740 0 2 |a Konty 2 
773 0 |t Kalligram : művészet és gondolat  |g Évf. XIX, sz. július-augusztus (2010), o. 38-41  |x 1335-1826 
850 |a Slovenská národná knižnica 
852 |a Slovenská národná knižnica 
958 |a article27 
958 |a OND 
958 |a HU 
958 |a LX 
958 |a UA 
999 |c 2962995  |d 2964925